Δομικά χαρακτηριστικά της ελληνικής οικονομίας, κρίση και παραγωγική ανασυγκρότηση
Saved in:
| Main Author: | |
|---|---|
| Other Authors: | |
| Format: | Book |
| Language: | Greek |
| Published: |
Αθήνα :
Ινστιτούτο Εργασίας ΓΣΕΕ,
2020.
|
| Series: | (Μελέτες (Ινστιτούτο Εργασίας ΓΣΕΕ)) ;
55 |
| Subjects: | |
| Tags: |
Add Tag
No Tags, Be the first to tag this record!
|
MARC
| LEADER | 00000cam a2200000 a 4500 | ||
|---|---|---|---|
| 001 | 1/123680 | ||
| 008 | 211011s2020####gr ed j|| |||| ||gre|| | ||
| 020 | |a 9786185483111 | ||
| 040 | |a GR-MyUa |b gre |c GR-MyUa |e AACR2 | ||
| 041 | 0 | |a gre | |
| 082 | 7 | |a 330.9495 |2 (23) | |
| 100 | 1 | |a Οικονομάκης, Γεώργιος Η., |d 1960- | |
| 245 | 1 | 0 | |a Δομικά χαρακτηριστικά της ελληνικής οικονομίας, κρίση και παραγωγική ανασυγκρότηση / |c Γιώργος Οικονομάκης, Μαρία Μαρκάκη. |
| 260 | |a Αθήνα : |b Ινστιτούτο Εργασίας ΓΣΕΕ, |c 2020. | ||
| 300 | |a 275 σ. : |b πιν., σχεδ. ; |c 24 εκ. | ||
| 490 | 0 | |a (Μελέτες (Ινστιτούτο Εργασίας ΓΣΕΕ)) ; |v 55 | |
| 504 | |a Περιέχει βιβλιογραφικές παραπομπές. | ||
| 651 | 0 | |a Greece |x Economic conditions. | |
| 651 | 0 | |a Greece |x Economic policy. | |
| 700 | 1 | |a Μαρκάκη, Μαρία. | |
| 852 | |a INST |b LESVOS |e 20211011 |h 330.9495 ΟΙΚ |p 005100063178 |q 005100063178 |t BK |y 0 | ||
| 970 | |a Καμάτσου |b Δέσποινα |z 11-10-2021 | ||